morse code - Statistics

General Stats
  • This quiz has been taken 452 times
  • The average score is 25 of 36
Answer Stats
Hint Answer % Correct
a dot dash
98%
e dot
89%
o dash dash dash
82%
b dash dot dot dot
82%
s dot dot dot
81%
i dot dot
80%
c dash dot dash dot
79%
t dash
78%
m dash dash
78%
h dot dot dot dot
78%
d dash dot dot
77%
n dash dot
74%
k dash dot dash
70%
f dot dot dash dot
70%
r dot dash dot
69%
g dash dash dot
68%
j dot dash dash dash
68%
l dot dash dot dot
68%
y dash dot dash dash
67%
p dot dash dash dot
67%
z dash dash dot dot
66%
x dash dot dot dash
66%
u dot dot dash
66%
w dot dash dash
65%
q dash dash dot dash
64%
v dot dot dot dash
64%
1 dot dash dash dash dash
57%
2 dot dot dash dash dash
57%
4 dot dot dot dot dash
57%
5 dot dot dot dot dot
57%
0 dash dash dash dash dash
56%
9 dash dash dash dash dot
56%
8 dash dash dash dot dot
56%
7 dash dash dot dot dot
56%
6 dash dot dot dot dot
56%
3 dot dot dot dash dash
56%
No matching quizzes found
Score Distribution
Percent of People with Each Score
Percentile by Number Answered
Your Score History
You have not taken this quiz